00412 2200169 4500001002100000005001500021008004100036035002500077041000800102082000800110090000800118100001800126245004900144250001600193300002300209650001000232INLIS00000000000145520130515121437 ind  a0010-051300000001455 aind aFik aFik aBastian, Tito aFitnah Berdarah di Tanah Agam (Wiro Sableng) aCetakan : 1 a128 hlm. ;17,5 cm. aFiksi